000340513 001__ 340513
000340513 005__ 20230721173024.0
000340513 0247_ $$2BMBF$$aG:(BMBF)13N15177$$d13N15177
000340513 035__ $$aG:(BMBF)13N15177
000340513 150__ $$a
Verbundprojekt: Nachhaltige Strategien und Technologien für das Hochwasserrisikomanagement in ariden und semiariden Gebieten (HOWAMAN) - Teilvorhaben: Agent Based Modelling zur Entwicklung nachhaltiger Strategien und Techniken
$$y2020-03-01 - 2023-08-31
000340513 450__ $$aBMBF 13N15177$$wd$$y2020-03-01 - 2023-08-31
000340513 5101_ $$0I:(DE-588b)5309538-8$$aBundesministerium für Bildung und Forschung$$bBMBF
000340513 8564_ $$u
https://foerderportal.bund.de/foekat/jsp/SucheAction.do?actionMode=view=13N15177
$$wb
000340513 909CO $$ooai:juser.fz-juelich.de:1009333$$pauthority:GRANT$$pauthority
000340513 909CO $$ooai:juser.fz-juelich.de:1009333
000340513 980__ $$aG
000340513 980__ $$aAUTHORITY